Úvod do kinantropologie : pro studenty sportovního managementu /

Hlavní autor: Jakubšová, Zlatava, 1955-
Korporativní autor: Vysoká škola báňská - Technická univerzita Ostrava. Ekonomická fakulta
Jazyk: Čeština
Vydáno: Ostrava : VŠB - Technická univerzita Ostrava, 2011
Vydání: 1. vyd.
Témata:
Fyzický popis: 52 s. : il. ; 29 cm
Knihy
Uloženo v:
LEADER 02047nam a2200529 a 4500
001 nkc20112180852
003 CZ PrNK
005 20110524141512.0
007 ta
008 110405s2011 xr a e p 000 0 cze
015 |a cnb002180852 
020 |a 978-80-248-2404-8  |q (brož.) 
035 |a (OCoLC)730408769 
040 |a OLA001  |b cze 
072 7 |a 796  |x Sport. Hry. Tělesná cvičení  |2 Konspekt  |9 20 
072 7 |a 37.016  |x Učební osnovy. Vyučovací předměty. Učebnice  |2 Konspekt  |9 22 
080 |a 796.012  |2 MRF 
080 |a 796.012.1  |2 MRF 
080 |a 796.012.6:37.016  |2 MRF 
080 |a 613.71/.73  |2 MRF 
080 |a (075.8)  |2 MRF 
100 1 |a Jakubšová, Zlatava,  |d 1955-  |7 ola2011636717  |4 aut 
245 1 0 |a Úvod do kinantropologie :  |b pro studenty sportovního managementu /  |c Zlatava Jakubšová 
250 |a 1. vyd. 
260 |a Ostrava :  |b VŠB - Technická univerzita Ostrava,  |c 2011 
300 |a 52 s. :  |b il. ;  |c 29 cm 
500 |a Nad názvem: Vysoká škola báňská - Technická univerzita Ostrava, Ekonomická fakulta 
500 |a 100 výt. 
504 |a Obsahuje bibliografii 
521 8 |a Určeno pro posluchače 2. roč. EkF 
650 0 7 |a motorika člověka  |7 ph122997  |2 czenas 
650 0 7 |a motorické schopnosti  |7 ph134912  |2 czenas 
650 0 7 |a tělesná výchova  |7 ph116513  |2 czenas 
650 0 7 |a pohybová aktivita  |7 ph124199  |2 czenas 
650 0 9 |a human motorics  |2 eczenas 
650 0 9 |a motor abilities  |2 eczenas 
650 0 9 |a physical education and training  |2 eczenas 
650 0 9 |a movement activity  |2 eczenas 
655 7 |a učebnice vysokých škol  |7 fd133772  |2 czenas 
655 9 |a textbooks (higher)  |2 eczenas 
710 2 |a Vysoká škola báňská - Technická univerzita Ostrava.  |b Ekonomická fakulta  |7 kn20010709388 
910 2 |a BOA001  |b 4-1265.513 
928 9 |a Vysoká škola báňská - Technická univerzita Ostrava 
990 |a BK 
995 |a 01 
991 |b 201105  |c NOV  |e n 
996 6 |b 2610477293  |c 4-1265.513  |l MZK  |r Sklad / do 1 hodiny  |n 4  |p p.v.  |w 001177292  |u 000010  |a 1  |e BOA001  |j MZK50  |s P